000
00307nam a2200145Ia 4500
100
_a
Hahn harley
942
_c
BK
654
_a
Guide to unix
245
_a
Students guide to Unix
260
_b
Mc Graw Hill
_a
Singapore
_c
1993
082
_a
005.13 'U'
300
_a
633
546
_a
ENGLISH
999
_c
32423
_d
32423